000 00472nam a2200157 i 4500
001 69023
003 ES-MaACL
005 20230906170421.0
007 t|
008 040830s1952 sp ||||1| spa d
100 1 _aSuárez Falcón, José.
_9108616
245 1 3 _aEl Puerto de la Luz y los hermanos León y Castillo /
_cJordé [seud.].
260 _aLas Palmas :
_b[s.n.],
_c1952 (
_fTip. Alzola)
300 _a93 p., 6 h. de lám, ;
_c20 cm.
852 _aES-MaACL
_j1954-F-2
999 _c69023
_d69023